بيع التقسيط وتطبيقاته المعاصرة : دراسة فقهية /
Saved in:
| Main Author: | |
|---|---|
| Other Authors: | |
| Format: | Thesis |
| Language: | Arabic |
| Published: |
Gombak, Selangor :
al-Jami'ah al-Islamiyah al-'Alamiyah bi-Maliziya,
2006.
|
| Subjects: | |
| Online Access: | Click here to view 1st 24 pages of the thesis. Members can view fulltext at the specified PCs in the library. |
| Tags: |
Add Tag
No Tags, Be the first to tag this record!
|
| LEADER | 022750000a22003970004500 | ||
|---|---|---|---|
| 001 | 363617 | ||
| 005 | 20230222111157.0 | ||
| 008 | 031029s2006 my g 000 0 ara d | ||
| 035 | |a (Sirsi) 363617 | ||
| 040 | |a UIAM |b eng | ||
| 050 | 0 | 0 | |a BP158.6.P36 |
| 100 | 1 | |a محمود، محمود محمد على |9 35364 | |
| 242 | 1 | 0 | |a Bay' al-taqsit wa tatbiqatuhu al-mu'asirah |
| 245 | 1 | 0 | |a بيع التقسيط وتطبيقاته المعاصرة : دراسة فقهية / |c اعداد محمود محمد على محمود |
| 260 | |a Gombak, Selangor : |b al-Jami'ah al-Islamiyah al-'Alamiyah bi-Maliziya, |c 2006. | ||
| 300 | |a 122 leaves ; |c 30 cm. | ||
| 336 | |2 rdacontent | ||
| 337 | |2 rdamedia | ||
| 338 | |2 rdacarrier | ||
| 500 | |a Abstracts in English and Arabic | ||
| 502 | |a Thesis (MIRKH)-International Islamic University Malaysia, 2006 | ||
| 502 | |a " ... for the degree of Master of Islamic Revealed Knowledge and Heritage (Fiqh and Usul al-Fiqh)"--Approval page | ||
| 530 | |a Also available on [3 1/2 in. computer disk converted into 4 3/4 in. computer optical disc] or [4 3/4 in. computer optical disc] | ||
| 650 | 0 | |a Conditional sales (Islamic law) |9 11596 | |
| 655 | 0 | 7 | |a Theses, IIUM local |
| 690 | 0 | |a Dissertations, Academic |x Department of Fiqh and Usul al-Fiqh |z IIUM | |
| 700 | 1 | |a Mahmud, Mahmud Muhammad 'Ali |9 35365 | |
| 710 | 2 | |a International Islamic University Malaysia. |b Department of Arabic Language and Literature | |
| 730 | 0 | |a Bay' al-taqsit wa tatbiqatuhu al-mu'asirah (Computer file) |9 35366 | |
| 856 | 4 | |u http://studentrepo.iium.edu.my/handle/123456789/8787 |z Click here to view 1st 24 pages of the thesis. Members can view fulltext at the specified PCs in the library. | |
| 900 | |a ami-hm | ||
| 942 | |2 lcc |n 0 | ||
| 999 | |c 434243 |d 465592 | ||
| 952 | |0 0 |6 T BP 158.6 P36 M215B 2006 |7 0 |8 THESES |9 752279 |a IIUM |b IIUM |c MULTIMEDIA |g 0.00 |o t BP 158.6 P36 M215B 2006 |p 00011275441 |r 2017-10-17 |t 2 |v 0.00 |y THESIS | ||
| 952 | |0 0 |6 LU T BP 158.6 P36 M215B 2006 |7 0 |8 THESES |9 754450 |a IIUM |b IIUM |c CLOSEACCES |g 0.00 |o lu t BP 158.6 P36 M215B 2006 |p 00001063190 |r 2017-10-24 |t 1 |v 0.00 |y THESIS | ||
| 952 | |0 0 |6 TS CDF BP158.6P36M215B 2006 |7 0 |8 THESES |9 825287 |a IIUM |b IIUM |c MULTIMEDIA |g 0.00 |o ts cdf BP158.6P36M215B 2006 |p 00001097863 |r 2017-10-26 |t 1 |v 0.00 |y THESISDIG | ||
